[Event "DVM U10 2020"]
[Site "Magdeburg GER"]
[Date "2021.08.07"]
[Round "4"]
[White "Li, Joshua"]
[Black "Steinbrenner, Peter"]
[Result "1/2-1/2"]
[Termination "normal"]
[Board "8.4"]
[WhiteElo "873"]
[BlackElo "940"]
[WhiteTeam "USG Chemnitz"]
[BlackTeam "SC 1975 Bann"]
[PlyCount "73"]
[WhiteFideId "34623639"]
[BlackFideId "34645535"]
[EventCountry "GER"]
[EventRounds "7"]
[EventType "team-swiss"]
[EventDate "2021.08.06"]

{normal} 1. e4 e5 2. Nf3 Nc6 3. Nc3 Bb4 4. Nd5 Nf6 5. Nxb4 Nxb4 6. Nxe5 Qe7 7.
d4 d6 8. Nf3 Nxe4 9. Be2 Bg4 10. O-O O-O 11. d5 c6 12. Qd4 Nxc2 13. Qc4 Nxa1
14. Re1 cxd5 15. Qa4 Nc5 16. Qd1 Bxf3 17. Bxf3 Qf6 18. Re2 Rfe8 19. Rxe8+ Rxe8
20. Bxd5 Qe5 21. Bd2 Qxd5 22. Qc1 Nd3 23. Qd1 Nxb2 24. Qc1 Qe5 25. Bc3 Nd3 26.
Qxa1 Qe1+ 27. Bxe1 Rxe1+ 28. Qxe1 Nxe1 29. Kf1 Nc2 30. Ke2 Nb4 31. a3 Nc2 32.
a4 Nb4 33. Kd2 h6 34. Kc3 Nd5+ 35. Kd4 Nf4 36. g3 Ng6 37. Kd5 1/2-1/2

[Event "DVM U10 2020"]
[Site "Magdeburg GER"]
[Date "2021.08.07"]
[Round "4"]
[White "Kommessin, Felix"]
[Black "Dütsch, Hannes"]
[Result "1-0"]
[Termination "normal"]
[Board "9.1"]
[WhiteElo "1322"]
[BlackElo "1156"]
[WhiteTeam "Schachfreunde Brackel 1930 e. V."]
[BlackTeam "Schachklub Schweinfurt 2000 e.V."]
[PlyCount "135"]
[WhiteFideId "16294661"]
[BlackFideId "34605509"]
[EventCountry "GER"]
[EventRounds "7"]
[EventType "team-swiss"]
[EventDate "2021.08.06"]

{normal} 1. e4 c5 2. d4 cxd4 3. c3 e5 4. Nf3 Nc6 5. cxd4 exd4 6. Nxd4 Bb4+ 7.
Bd2 Bxd2+ 8. Qxd2 Nf6 9. Nc3 O-O 10. Nxc6 dxc6 11. Qxd8 Rxd8 12. f3 Be6 13. b3
b5 14. Be2 a6 15. O-O c5 16. Rac1 b4 17. Na4 Rd2 18. Rf2 Rxa2 19. Nxc5 a5 20.
Nxe6 fxe6 21. Bc4 Rxf2 22. Bxe6+ Kf8 23. Kxf2 Ke7 24. Bc4 a4 25. bxa4 Rxa4 26.
Rb1 Nh5 27. g3 h6 28. Bb5 Ra2+ 29. Kg1 Kd6 30. Rxb4 Ra1+ 31. Kg2 g6 32. Kh3 Nf6
33. Rb2 Ra3 34. Kg2 g5 35. Rc2 g4 36. fxg4 Nxg4 37. Rd2+ Ke5 38. Rb2 Ne3+ 39.
Kh3 Kxe4 40. Bd7 Ra5 41. Kh4 Nd5 42. Bc6 Kf5 43. Bxd5 Rxd5 44. Rf2+ Kg6 45. Rf4
Rh5+ 46. Kg4 Rxh2 47. Rc4 h5+ 48. Kf4 Rf2+ 49. Ke3 Kg5 50. Kxf2 Kf5 51. Kf3 Ke5
52. Rc5+ Kd4 53. Rxh5 Kc4 54. Ke3 Kc3 55. Rc5+ Kb4 56. Rc8 Kb5 57. Kd4 Kb6 58.
Kd5 Kb7 59. Rc1 Kb6 60. Rc2 Kb7 61. Kd6 Kb6 62. Rb2+ Ka5 63. Kc5 Ka4 64. Rb8
Ka3 65. Kc4 Ka2 66. Kc3 Ka1 67. Kc2 Ka2 68. Ra8# 1-0

[Event "DVM U10 2020"]
[Site "Magdeburg GER"]
[Date "2021.08.07"]
[Round "4"]
[White "Dütsch, Kilian"]
[Black "Draxler, Henning"]
[Result "0-1"]
[Termination "normal"]
[Board "9.2"]
[WhiteElo "864"]
[BlackElo "826"]
[WhiteTeam "Schachklub Schweinfurt 2000 e.V."]
[BlackTeam "Schachfreunde Brackel 1930 e. V."]
[PlyCount "88"]
[WhiteFideId "34605517"]
[BlackFideId "34634037"]
[EventCountry "GER"]
[EventRounds "7"]
[EventType "team-swiss"]
[EventDate "2021.08.06"]

{normal} 1. d4 d5 2. Bf4 Nf6 3. e3 Nc6 4. c3 e6 5. Bd3 b6 6. Nf3 Bb7 7. Nbd2
Bd6 8. Bg3 O-O 9. Qc2 Qd7 10. Ng5 g6 11. Ndf3 Ne7 12. Ne5 Qe8 13. Nef3 Nf5 14.
Qb1 Kg7 15. Ne5 Nh5 16. Qc2 f6 17. Nxe6+ Qxe6 18. Nf3 Nfxg3 19. hxg3 c5 20.
O-O-O cxd4 21. exd4 a5 22. Rde1 Qd7 23. g4 Nf4 24. g3 Nxd3+ 25. Qxd3 Ba6 26.
Qc2 Qxg4 27. Rh4 Qxf3 28. Re3 Qf5 29. Qxf5 gxf5 30. g4 Bf4 31. gxf5 Bxe3+ 32.
fxe3 Rae8 33. Rg4+ Kh8 34. Rg3 Bd3 35. Kd2 Bxf5 36. b3 Rg8 37. a4 Rxg3 38. c4
dxc4 39. bxc4 Rg2+ 40. Ke1 Ra2 41. d5 Rc8 42. d6 Rxc4 43. Kd1 Bg4+ 44. Ke1 Rc1#
0-1

[Event "DVM U10 2020"]
[Site "Magdeburg GER"]
[Date "2021.08.07"]
[Round "4"]
[White "Seling, Simon"]
[Black "Gerull, Luis"]
[Result "0-1"]
[Termination "normal"]
[Board "9.3"]
[WhiteElo "836"]
[BlackElo "854"]
[WhiteTeam "Schachfreunde Brackel 1930 e. V."]
[BlackTeam "Schachklub Schweinfurt 2000 e.V."]
[PlyCount "44"]
[WhiteFideId "34681809"]
[BlackFideId "34606270"]
[EventCountry "GER"]
[EventRounds "7"]
[EventType "team-swiss"]
[EventDate "2021.08.06"]

{normal} 1. e4 e5 2. Nf3 Nc6 3. Bc4 Nf6 4. Ng5 d5 5. exd5 Nxd5 6. Bxd5 Qxd5 7.
Nc3 Qxg2 8. Qf3 Qxg5 9. Nd5 Bd6 10. d3 Qg6 11. Be3 Be6 12. Nc3 Bb4 13. Bd2 Bxc3
14. Bxc3 O-O 15. O-O-O Nd4 16. Qxb7 Rab8 17. Qxc7 Ne2+ 18. Kb1 Nxc3+ 19. Qxc3
Qf6 20. Rhg1 Rfc8 21. Qe1 e4 22. dxe4 Qxb2# 0-1

[Event "DVM U10 2020"]
[Site "Magdeburg GER"]
[Date "2021.08.07"]
[Round "4"]
[White "Nidermaier, Fredrik"]
[Black "Libert, Nick"]
[Result "1-0"]
[Termination "normal"]
[Board "9.4"]
[WhiteElo "759"]
[BlackElo "768"]
[WhiteTeam "Schachklub Schweinfurt 2000 e.V."]
[BlackTeam "Schachfreunde Brackel 1930 e. V."]
[PlyCount "137"]
[WhiteFideId "34615679"]
[BlackFideId "34634088"]
[EventCountry "GER"]
[EventRounds "7"]
[EventType "team-swiss"]
[EventDate "2021.08.06"]

{normal} 1. e4 e5 2. Nf3 Nc6 3. Bb5 Nf6 4. d3 h6 5. Bxc6 dxc6 6. Nxe5 Qd4 7.
Nf3 Qd7 8. Bf4 Qg4 9. Bg3 Bc5 10. O-O O-O 11. Bxc7 Qg6 12. Nh4 Qg5 13. Nf3 Qg6
14. Nc3 Bh3 15. g3 Bxf1 16. Kxf1 Rac8 17. Bf4 Nh5 18. Nh4 Qe6 19. Qxh5 Qh3+ 20.
Ke1 Qxh2 21. Qe2 g5 22. Nf3 Qh3 23. Ng1 Qd7 24. Be3 Bd6 25. Bxa7 Qc7 26. Bd4
Rfe8 27. Qh5 c5 28. Be3 Bxg3 29. fxg3 Qxg3+ 30. Bf2 Qg2 31. Qxh6 g4 32. Nd5 Re6
33. Nf6+ Rxf6 34. Qxf6 g3 35. Qg5+ Kf8 36. Bxc5+ Rxc5 37. Qxc5+ Kg8 38. Ne2
Qh1+ 39. Qg1 g2 40. Kd2 Qh6+ 41. Kc3 Qc6+ 42. Kd2 Qh6+ 43. Ke1 Qh4+ 44. Qf2
Qh1+ 45. Ng1 f5 46. Kd2 Qh6+ 47. Ke2 Qh1 48. Qg3+ Kf7 49. Kf2 fxe4 50. Qxg2
Qh4+ 51. Qg3 Qf6+ 52. Kg2 Qc6 53. Rf1+ Ke6 54. Qg6+ Kd5 55. Rf5+ Kd4 56. Qxc6
bxc6 57. dxe4 Kxe4 58. Rf8 Ke3 59. Rc8 Kd2 60. Rxc6 Kc1 61. a4 Kxb2 62. a5 Kc1
63. a6 Kd2 64. a7 Kc1 65. a8=Q Kd1 66. Qd8+ Kc1 67. Ne2+ Kb2 68. Qb8+ Ka1 69.
Ra6# 1-0

[Event "DVM U10 2020"]
[Site "Magdeburg GER"]
[Date "2021.08.07"]
[Round "4"]
[White "Seth, Aakrit"]
[Black "Fischer, Lorenz"]
[Result "0-1"]
[Termination "normal"]
[Board "10.1"]
[WhiteElo "1381"]
[BlackElo "1164"]
[WhiteTeam "SC Weisse Dame e.V."]
[BlackTeam "Schachfreunde Tegernheim"]
[PlyCount "90"]
[WhiteFideId "34604812"]
[BlackFideId "16296710"]
[EventCountry "GER"]
[EventRounds "7"]
[EventType "team-swiss"]
[EventDate "2021.08.06"]

{normal} 1. d4 f5 2. Bf4 Nf6 3. e3 e6 4. Nf3 Nc6 5. c3 Be7 6. Bd3 O-O 7. Nbd2
b6 8. Ne5 Nxe5 9. Bxe5 d6 10. Bg3 e5 11. dxe5 dxe5 12. Bc4+ Kh8 13. Bxe5 Ng4
14. Bg3 Bb7 15. Nf3 Qe8 16. O-O Rd8 17. Qe2 Bd6 18. Nd4 Qh5 19. h3 Bxg3 20.
fxg3 Nf6 21. Qxh5 Nxh5 22. Ne6 Nxg3 23. Rfe1 Rd2 24. Bf1 Nxf1 25. Kxf1 Re8 26.
Nf4 g5 27. Ne2 Rxe3 28. Rad1 Bxg2+ 29. Kf2 Rexe2+ 30. Rxe2 Rxd1 31. Kxg2 Ra1
32. b3 Kg7 33. a4 Kf6 34. Rd2 Rc1 35. c4 Rc3 36. Rd7 Rxb3 37. Rxc7 Rb4 38. c5
bxc5 39. Rc6+ Kf7 40. Rxc5 Rxa4 41. Rxf5+ Kg6 42. Rc5 a5 43. Kg3 Kh5 44. h4
Ra3+ 45. Kf2 Kxh4 0-1

[Event "DVM U10 2020"]
[Site "Magdeburg GER"]
[Date "2021.08.07"]
[Round "4"]
[White "John, Linnea"]
[Black "Fischer, Quirin"]
[Result "1-0"]
[Termination "normal"]
[Board "10.3"]
[WhiteElo "1085"]
[BlackElo "1085"]
[WhiteTeam "SC Weisse Dame e.V."]
[BlackTeam "Schachfreunde Tegernheim"]
[PlyCount "79"]
[WhiteFideId "34623680"]
[BlackFideId "34623787"]
[EventCountry "GER"]
[EventRounds "7"]
[EventType "team-swiss"]
[EventDate "2021.08.06"]

{normal} 1. e4 c5 2. Nc3 Nc6 3. f4 e6 4. Nf3 d5 5. Bb5 Bd7 6. Bxc6 Bxc6 7. e5
d4 8. Nb1 Ne7 9. O-O Bxf3 10. Qxf3 Nd5 11. Na3 Rb8 12. Nc4 b5 13. Na3 a6 14. d3
Be7 15. f5 exf5 16. Qxf5 O-O 17. Qg4 Ne3 18. Bxe3 dxe3 19. Qe2 Qd4 20. c3 Qxe5
21. Nc2 Bd6 22. g3 Rfe8 23. Rf3 Qh5 24. Nxe3 c4 25. dxc4 bxc4 26. Qf2 Bc5 27.
Rf5 Rxe3 28. Rxh5 Re5 29. Qxc5 Rxc5 30. Rxc5 h6 31. Rb1 Kf8 32. Rxc4 Rb5 33. a4
Rf5 34. b4 a5 35. b5 Rf6 36. b6 Re6 37. b7 Re8 38. Rc8 Ke7 39. Rxe8+ Kxe8 40.
b8=Q+ 1-0

[Event "DVM U10 2020"]
[Site "Magdeburg GER"]
[Date "2021.08.07"]
[Round "4"]
[White "Thanner, David"]
[Black "Lutz, Matthias"]
[Result "1-0"]
[Termination "normal"]
[Board "10.4"]
[WhiteElo "902"]
[BlackElo "1084"]
[WhiteTeam "Schachfreunde Tegernheim"]
[BlackTeam "SC Weisse Dame e.V."]
[PlyCount "55"]
[EventCountry "GER"]
[EventRounds "7"]
[EventType "team-swiss"]
[EventDate "2021.08.06"]

{normal} 1. e4 e6 2. d4 d5 3. e5 c5 4. Nf3 Nc6 5. Bg5 f6 6. Bh4 Qb6 7. b3 cxd4
8. c3 dxc3 9. Nxc3 Bb4 10. Rc1 d4 11. Bc4 Bxc3+ 12. Nd2 Qb4 13. Rc2 Nxe5 14.
O-O d3 15. Bb5+ Qxb5 16. Rxc3 Ne7 17. Ne4 Qb4 18. Qd2 Qxe4 19. Bg3 O-O 20. Re1
Qf5 21. Rd1 b6 22. Qb2 Bb7 23. Rc7 Qh5 24. Rd2 N7c6 25. Rxb7 Qe8 26. Bxe5 fxe5
27. Rc7 e4 28. Qxg7# 1-0

[Event "DVM U10 2020"]
[Site "Magdeburg GER"]
[Date "2021.08.07"]
[Round "4"]
[White "Ahlers, Quentin"]
[Black "Melestean, Maxim"]
[Result "0-1"]
[Termination "normal"]
[Board "11.1"]
[WhiteElo "1431"]
[BlackElo "1289"]
[WhiteTeam "SK Lehrte von 1919 e. V."]
[BlackTeam "Schachklub König Plauen"]
[PlyCount "86"]
[WhiteFideId "16269551"]
[BlackFideId "16280393"]
[EventCountry "GER"]
[EventRounds "7"]
[EventType "team-swiss"]
[EventDate "2021.08.06"]

{normal} 1. e4 e5 2. Nf3 Nf6 3. Nc3 Nc6 4. Bc4 Nxe4 5. Bxf7+ Kxf7 6. Nxe4 Be7
7. O-O d5 8. Nc3 Bg4 9. Ng5+ Bxg5 10. Qxg4 Rf8 11. Qf3+ Ke6 12. Qg4+ Kf7 13.
Qf5+ Kg8 14. Qe6+ Rf7 15. Qxd5 Qxd5 16. Nxd5 Rd8 17. Ne3 Nd4 18. c3 Bxe3 19.
dxe3 Ne2+ 20. Kh1 Rxf2 21. Re1 Nxc1 22. Raxc1 Rdd2 23. Rg1 Rxb2 24. a4 Rb3 25.
c4 Rxe3 26. Rcd1 Rc2 27. Rgf1 h6 28. Rd8+ Kh7 29. h4 Rxc4 30. Rd7 Rxh4+ 31. Kg1
Rhe4 32. Rff7 Rg3 33. Kf2 Rgg4 34. g3 Rxa4 35. Rxc7 Rab4 36. Rfe7 e4 37. Re8
Rb3 38. Rcc8 Rf3+ 39. Ke2 Rgxg3 40. Rh8+ Kg6 41. Rc7 Rf7 42. Rc4 e3 43. Rd4
Rf2+ 0-1

[Event "DVM U10 2020"]
[Site "Magdeburg GER"]
[Date "2021.08.07"]
[Round "4"]
[White "da Costa Silva, Pepe"]
[Black "Ebel, Felix"]
[Result "1-0"]
[Termination "normal"]
[Board "11.2"]
[WhiteElo "1105"]
[BlackElo "955"]
[WhiteTeam "Schachklub König Plauen"]
[BlackTeam "SK Lehrte von 1919 e. V."]
[PlyCount "95"]
[WhiteFideId "16282000"]
[BlackFideId "34651446"]
[EventCountry "GER"]
[EventRounds "7"]
[EventType "team-swiss"]
[EventDate "2021.08.06"]

{normal} 1. e4 d5 2. exd5 Qxd5 3. Nc3 Qa5 4. d4 c6 5. Nf3 Nf6 6. Bf4 Bf5 7. Bd3
e6 8. Qe2 Nbd7 9. Bxf5 Qxf5 10. g3 Be7 11. O-O-O O-O 12. Rhg1 c5 13. dxc5 Nxc5
14. Qe5 Ng4 15. Qxf5 exf5 16. Nd5 Rfe8 17. Nc7 Nxf2 18. Rd2 Nce4 19. Re2 Bc5
20. Rge1 Rec8 21. Nxa8 Rxa8 22. Nd2 Re8 23. Be3 Nxd2 24. Kxd2 Ne4+ 25. Kd1 Rd8+
26. Kc1 Bxe3+ 27. Rxe3 g6 28. Rd1 Rxd1+ 29. Kxd1 Nf2+ 30. Ke2 Ng4 31. Re7 Nxh2
32. Rxb7 Ng4 33. b4 Ne5 34. Rxa7 Nc6 35. Rb7 g5 36. b5 Na5 37. Ra7 Nc4 38. a4
f4 39. gxf4 gxf4 40. Kf3 h5 41. Kxf4 f6 42. a5 Nd6 43. b6 f5 44. b7 Nxb7 45.
Rxb7 h4 46. a6 h3 47. a7 h2 48. a8=Q# 1-0

[Event "DVM U10 2020"]
[Site "Magdeburg GER"]
[Date "2021.08.07"]
[Round "4"]
[White "Kosmehl, Friedrich"]
[Black "Al-Hrishat, Alhasan"]
[Result "0-1"]
[Termination "normal"]
[Board "11.3"]
[WhiteElo "943"]
[BlackElo "1123"]
[WhiteTeam "SK Lehrte von 1919 e. V."]
[BlackTeam "Schachklub König Plauen"]
[PlyCount "88"]
[EventCountry "GER"]
[EventRounds "7"]
[EventType "team-swiss"]
[EventDate "2021.08.06"]

{normal} 1. d4 f5 2. c4 Nf6 3. Nf3 g6 4. Nc3 Bg7 5. Bf4 Nc6 6. Nd5 Nxd5 7. cxd5
Nb4 8. Qb3 Na6 9. Ng5 O-O 10. d6+ e6 11. dxc7 Nxc7 12. Qh3 h6 13. O-O-O hxg5
14. Bd6 g4 15. Qg3 Qg5+ 16. f4 Qf6 17. Bxc7 b6 18. Bd6 Re8 19. Qa3 Bb7 20. Be5
Rac8+ 21. Kb1 Be4+ 22. Ka1 Qf7 23. e3 Bf8 24. Qb3 d6 25. Ba6 Bc2 26. Qb5 Bxd1
27. Bxc8 Rxc8 28. Rxd1 dxe5 29. fxe5 Qh7 30. Qa6 Qc7 31. a3 Be7 32. Qd3 Qc2 33.
Ka2 Qxg2 34. Qb3 Qc6 35. Rd3 Kg7 36. Rc3 Qd7 37. Rxc8 Qxc8 38. Qb5 Bg5 39. Qa4
Bxe3 40. Qxa7+ Kh6 41. Qxb6 Qc4+ 42. b3 Qc2+ 43. Ka1 Bc1 44. Qxe6 Qb2# 0-1

[Event "DVM U10 2020"]
[Site "Magdeburg GER"]
[Date "2021.08.07"]
[Round "4"]
[White "Akladius, Antonius"]
[Black "Stelter, Torge"]
[Result "0-1"]
[Termination "normal"]
[Board "11.4"]
[WhiteElo "991"]
[BlackElo "761"]
[WhiteTeam "Schachklub König Plauen"]
[BlackTeam "SK Lehrte von 1919 e. V."]
[PlyCount "24"]
[WhiteFideId "16289153"]
[EventCountry "GER"]
[EventRounds "7"]
[EventType "team-swiss"]
[EventDate "2021.08.06"]

{normal} 1. e4 e5 2. Nf3 Nf6 3. Bc4 Nxe4 4. Nxe5 Qe7 5. Nxf7 Nc3+ 6. Qe2 Nxe2
7. Nxh8 Ng3+ 8. Kd1 Nxh1 9. d3 Nxf2+ 10. Kd2 g6 11. Bf7+ Kd8 12. Nc3 Bh6# 0-1

[Event "DVM U10 2020"]
[Site "Magdeburg GER"]
[Date "2021.08.07"]
[Round "4"]
[White "González Peisker, Mateo León"]
[Black "Hellenbroich, Hanno"]
[Result "0-1"]
[Termination "normal"]
[Board "12.1"]
[WhiteElo "1151"]
[BlackElo "1287"]
[WhiteTeam "SV Multatuli Ingelheim e.V."]
[BlackTeam "Lübecker SV von 1873"]
[PlyCount "58"]
[WhiteFideId "34610138"]
[BlackFideId "16270762"]
[EventCountry "GER"]
[EventRounds "7"]
[EventType "team-swiss"]
[EventDate "2021.08.06"]

{[%evp 0,57,22,28,61,51,83,72,76,45,44,32,96,83,75,63,52,39,35,22,31,-9,45,43,
30,-94,35,40,52,35,50,45,68,64,55,32,38,14,16,11,41,23,21,5,62,33,62,63,74,36,
62,-1,-1,-151,-151,-159,-156,-139,-150,-1437] normal} 1. e4 c5 2. Nf3 d6 3. d4
cxd4 4. Nxd4 Nf6 5. Nc3 g6 6. Bc4 Bg7 7. Be3 O-O 8. O-O Nc6 9. Nxc6 bxc6 10.
Qe2 c5 11. Rad1 Qb6 12. Bb3 Bg4 13. f3 Bd7 14. Rfe1 a5 15. a4 Be6 16. Bxe6 fxe6
17. Nb5 Nd7 18. c4 Nb8 19. b3 Na6 20. Bg5 Rf7 21. Rd2 Nc7 22. Red1 Nxb5 23.
cxb5 Bc3 24. Rd3 c4+ 25. Be3 cxd3 26. Rxd3 Qc7 27. Qc2 Rc8 28. b6 Qc6 29. Bd2
Bd4+ 0-1

[Event "DVM U10 2020"]
[Site "Magdeburg GER"]
[Date "2021.08.07"]
[Round "4"]
[White "Kutz, Ida Klara"]
[Black "Kraeh, Niklas"]
[Result "1/2-1/2"]
[Termination "normal"]
[Board "12.2"]
[WhiteElo "1232"]
[BlackElo "1089"]
[WhiteTeam "Lübecker SV von 1873"]
[BlackTeam "SV Multatuli Ingelheim e.V."]
[PlyCount "115"]
[WhiteFideId "16296257"]
[BlackFideId "34610073"]
[EventCountry "GER"]
[EventRounds "7"]
[EventType "team-swiss"]
[EventDate "2021.08.06"]

{[%evp 0,60,16,-12,-20,-8,-10,-16,-14,-47,-24,-12,-22,-31,-11,-45,-38,-48,2,
-23,144,121,178,163,164,165,180,173,219,234,236,198,237,222,334,263,263,263,
263,263,289,85,85,84,77,31,34,-26,-26,-26,-26,-35,0,-70,-48,-132,-123,-135,-47,
-56,-39,-39,-39] normal} 1. c4 e5 2. Nc3 Nc6 3. Nf3 Nf6 4. g3 Bc5 5. Bg2 d6 6.
O-O Be6 7. b3 O-O 8. Bb2 a6 9. e3 Nb4 10. d4 Ba7 11. dxe5 dxe5 12. Nxe5 Qxd1
13. Raxd1 Bf5 14. Bxb7 Rad8 15. Nc6 Rxd1 16. Rxd1 Bc5 17. Nxb4 Bxb4 18. Bxa6
Bg4 19. Rd4 c5 20. Rd6 Bxc3 21. Bxc3 Ne4 22. Rd3 Be2 23. Rd5 Nxc3 24. Rxc5 Nxa2
25. Ra5 Nb4 26. Bb5 Bf3 27. Ra4 Rd8 28. Ra1 Nc2 29. Rc1 g6 30. c5 Nb4 31. c6
Rc8 32. c7 Nd5 33. Bd7 Rxc7 34. Rxc7 Nxc7 35. Bh3 Na6 36. Bg2 Bxg2 37. Kxg2 Kg7
38. Kf3 Kf6 39. Kf4 h5 40. h4 Nc5 41. b4 Nd3+ 42. Kf3 Nxb4 43. g4 hxg4+ 44.
Kxg4 Nd3 45. f4 Nf2+ 46. Kf3 Nd3 47. Ke4 Nc5+ 48. Kd5 Ne6 49. Kd6 Kf5 50. Ke7
Nxf4 51. exf4 Kxf4 52. Kxf7 g5 53. h5 g4 54. h6 g3 55. h7 g2 56. h8=Q g1=Q 57.
Qf6+ Kg3 58. Qg6+ 1/2-1/2

[Event "DVM U10 2020"]
[Site "Magdeburg GER"]
[Date "2021.08.07"]
[Round "4"]
[White "Leitner, Niklas"]
[Black "Kutz, Paul Matti"]
[Result "0-1"]
[Termination "normal"]
[Board "12.3"]
[WhiteElo "833"]
[BlackElo "1202"]
[WhiteTeam "SV Multatuli Ingelheim e.V."]
[BlackTeam "Lübecker SV von 1873"]
[PlyCount "86"]
[WhiteFideId "34610189"]
[BlackFideId "16296265"]
[EventCountry "GER"]
[EventRounds "7"]
[EventType "team-swiss"]
[EventDate "2021.08.06"]

{[%evp 0,40,23,45,32,32,17,32,10,-10,-10,-10,8,-113,-77,-110,-67,-70,35,-105,
-127,-139,-97,-97,-75,-82,-49,-539,-549,-555,-257,-557,-561,-650,-651,-650,
-655,-665,-646,-696,-679,-692,-692] normal} 1. e4 e5 2. Nf3 Nc6 3. Nc3 Nf6 4.
Bc4 Nxe4 5. O-O Nxc3 6. bxc3 d5 7. Bb3 Bg4 8. d3 d4 9. Qd2 Bxf3 10. gxf3 dxc3
11. Qxc3 Bb4 12. Qc4 Qd7 13. Re1 Bxe1 14. Be3 Na5 15. Qa4 Nxb3 16. Qxd7+ Kxd7
17. axb3 Bc3 18. Rd1 Bd4 19. f4 Bxe3 20. fxe3 exf4 21. exf4 Rhe8 22. Kf2 Re6
23. f5 Rf6 24. Ke2 Rxf5 25. Kd2 Rf2+ 26. Kc1 Rxh2 27. Rf1 Ke7 28. Re1+ Kf8 29.
Kb2 h5 30. Re4 h4 31. d4 h3 32. Rh4 Kg8 33. d5 Re8 34. Rc4 Rg2 35. Rxc7 Re1 36.
d6 Kh7 37. d7 Rd1 38. b4 h2 39. b5 h1=Q 40. Kb3 Rg3+ 41. Kc4 Qd5+ 42. Kb4 Rb1+
43. Ka5 Qa2# 0-1

[Event "DVM U10 2020"]
[Site "Magdeburg GER"]
[Date "2021.08.07"]
[Round "4"]
[White "Grundel-Kawano, Emi"]
[Black "Krömer, Antonius"]
[Result "1-0"]
[Termination "normal"]
[Board "13.3"]
[WhiteElo "832"]
[BlackElo "1041"]
[WhiteTeam "USC Magdeburg"]
[BlackTeam "SSV Vimaria 91 Weimar"]
[PlyCount "73"]
[WhiteFideId "34624775"]
[BlackFideId "34660518"]
[EventCountry "GER"]
[EventRounds "7"]
[EventType "team-swiss"]
[EventDate "2021.08.06"]

{[%evp 0,40,16,28,20,55,59,62,62,59,52,52,91,69,152,78,104,80,75,59,58,48,31,
29,29,-15,-15,-15,-17,-18,-14,-20,153,170,735,735,808,729,730,712,774,782,788]
normal} 1. e4 d5 2. exd5 Qxd5 3. Nc3 Qa5 4. Bc4 Nc6 5. Nf3 e6 6. O-O Bc5 7. d3
Bd6 8. Be3 Qh5 9. h3 Nf6 10. Ne4 Nxe4 11. dxe4 O-O 12. Nh2 Bxh2+ 13. Kxh2 Qe5+
14. Kg1 Rd8 15. Qg4 Qf6 16. Bg5 Qxg5 17. Qxg5 e5 18. Bb5 h6 19. Qh4 Be6 20.
Bxc6 bxc6 21. Qh5 f6 22. Rae1 Bc4 23. Re3 Bxf1 24. Kxf1 Rd7 25. Qg4 Rad8 26.
Qg6 Rd1+ 27. Ke2 R8d2+ 28. Kf3 Rd8 29. Rb3 Ra8 30. Rb7 Rd7 31. g4 a5 32. g5
hxg5 33. Kg4 a4 34. Kh5 a3 35. Ra7 Rdd8 36. Rxc7 axb2 37. Qxg7# 1-0

[Event "DVM U10 2020"]
[Site "Magdeburg GER"]
[Date "2021.08.07"]
[Round "4"]
[White "Leitloff, Finn Leonidas"]
[Black "Kamleiter, Noah"]
[Result "0-1"]
[Termination "normal"]
[Board "14.1"]
[WhiteElo "1138"]
[BlackElo "1476"]
[WhiteTeam "SV Empor Erfurt"]
[BlackTeam "TSV Bindlach Aktionär"]
[PlyCount "72"]
[WhiteFideId "34661905"]
[BlackFideId "16265815"]
[EventCountry "GER"]
[EventRounds "7"]
[EventType "team-swiss"]
[EventDate "2021.08.06"]

{[%evp 0,32,29,25,24,24,41,39,40,40,40,35,10,-3,-4,-13,-20,-23,-23,-37,-31,
-184,-206,-495,-495,-615,-474,-583,-600,-612,-613,-613,-613,-626,-593] normal}
1. d4 Nf6 2. Nf3 b6 3. Bf4 Bb7 4. Nc3 e6 5. e3 Bb4 6. a3 Bxc3+ 7. bxc3 d6 8.
Rb1 O-O 9. Bd3 Nd5 10. Be4 Nxc3 11. Qc1 Nxe4 12. O-O Ba6 13. Re1 Nc3 14. Rb3
Ne2+ 15. Rxe2 Bxe2 16. e4 Bxf3 17. Rxf3 Nc6 18. d5 Nd4 19. Re3 exd5 20. exd5
Re8 21. Rxe8+ Qxe8 22. Qd2 Ne2+ 23. Kf1 Nxf4 24. Qxf4 Qe5 25. Qc4 Qa1+ 26. Ke2
Re8+ 27. Kf3 Qf6+ 28. Kg3 Qe5+ 29. Kh3 Qf5+ 30. Kg3 Re4 31. Qxe4 Qxe4 32. f3
Qe1+ 33. Kh3 g5 34. g3 h5 35. g4 Qf1+ 36. Kg3 h4# 0-1

[Event "DVM U10 2020"]
[Site "Magdeburg GER"]
[Date "2021.08.07"]
[Round "4"]
[White "Mantu, Elias Viorel"]
[Black "Nguyen, Hoang"]
[Result "1/2-1/2"]
[Termination "normal"]
[Board "14.3"]
[WhiteElo "896"]
[BlackElo "847"]
[WhiteTeam "SV Empor Erfurt"]
[BlackTeam "TSV Bindlach Aktionär"]
[PlyCount "81"]
[WhiteFideId "34601350"]
[EventCountry "GER"]
[EventRounds "7"]
[EventType "team-swiss"]
[EventDate "2021.08.06"]

{[%evp 0,57,16,25,85,25,72,32,39,17,22,29,34,21,49,33,28,19,8,5,30,27,37,40,39,
13,41,35,16,5,300,256,705,601,666,543,607,609,609,522,579,594,727,727,795,568,
802,571,993,951,992,992,987,931,1039,991,1007,1030,1149,1346] normal} 1. d4 Nc6
2. Nc3 Nf6 3. Bf4 a6 4. e3 d5 5. Bd3 g6 6. Qd2 Bf5 7. Bxf5 gxf5 8. Nf3 e6 9.
O-O Nh5 10. a3 Rg8 11. g3 Bd6 12. b4 Bxf4 13. exf4 Qf6 14. Rfe1 e5 15. dxe5
Nxe5 16. fxe5 Qg7 17. Nxd5 O-O-O 18. Ne7+ Kb8 19. Qe3 Rge8 20. Nxf5 Qg6 21.
N3h4 Qg8 22. h3 Qh8 23. g4 Rxe5 24. Qxe5 Qxe5 25. Rxe5 Nf4 26. Rae1 Ne6 27. c4
Ng5 28. Kg2 f6 29. Re8 Rxe8 30. Rxe8+ Ka7 31. c5 b6 32. c6 a5 33. Nd4 f5 34.
gxf5 Nxh3 35. f6 Ng5 36. f4 h5 37. Nhf3 h4 38. Kh1 h3 39. Nxg5 h2 40. Kg2 h1=Q+
41. Kxh1 1/2-1/2

[Event "DVM U10 2020"]
[Site "Magdeburg GER"]
[Date "2021.08.07"]
[Round "4"]
[White "Wisniewski, Wojciech"]
[Black "Ensslen, Jakob"]
[Result "0-1"]
[Termination "normal"]
[Board "15.1"]
[WhiteElo "828"]
[BlackElo "1103"]
[WhiteTeam "Elmshorner SC von 1896"]
[BlackTeam "Karlsruher SF 1853"]
[PlyCount "66"]
[BlackFideId "34640258"]
[EventCountry "GER"]
[EventRounds "7"]
[EventType "team-swiss"]
[EventDate "2021.08.06"]

{[%evp 0,46,16,28,60,24,20,38,17,6,17,13,40,-20,78,46,254,49,88,88,106,83,97,
70,77,-104,-82,-76,-76,-252,-252,-252,-176,-247,-157,-582,-679,-702,-780,-780,
-664,-679,-678,-733,-733,-685,-565,-568,-671] normal} 1. d4 b6 2. c4 Bb7 3. Nc3
Nf6 4. Bf4 e6 5. Nf3 d5 6. cxd5 Bxd5 7. e3 Bb4 8. Bb5+ c6 9. Bd3 O-O 10. O-O
Nbd7 11. Qe2 Nh5 12. Qc2 Nxf4 13. exf4 Bxf3 14. Bxh7+ Kh8 15. gxf3 g6 16. Bxg6
fxg6 17. Qxg6 Rg8 18. Qg4 Rxg4+ 19. fxg4 Qh4 20. f3 Kg7 21. Rae1 Rh8 22. Rf2
Bxc3 23. bxc3 Nf8 24. f5 exf5 25. gxf5 Qh3 26. Re7+ Kf6 27. Re5 Rg8+ 28. Kh1
Rg3 29. Ree2 Rxf3 30. a3 Rxc3 31. a4 Rc1+ 32. Re1 Rxe1+ 33. Rf1 Qxf1# 0-1